| 000 | 00737nam a2200253Ia 4500 | ||
|---|---|---|---|
| 003 | OSt | ||
| 005 | 20220923225505.0 | ||
| 006 | a|||||r|||| 00| 0 | ||
| 007 | ta | ||
| 008 | 220922b |||||||| |||| 00| 0 hin d | ||
| 024 | _a269,216 | ||
| 037 | _cTextual | ||
| 040 |
_aARTS _cARTS _bhin |
||
| 041 |
_2hin _ahin |
||
| 082 | _aQ29K2, N6 | ||
| 100 |
_aमेहता, विमला _9156290 |
||
| 245 | 0 | _aआनन्द की ओर | |
| 246 | _aĀnanda kī ora | ||
| 260 |
_aदिल्ली _b श्री प्राणनाथ मिशन _c1996 |
||
| 300 |
_a65पृ. _ccm. |
||
| 650 | _aधर्म | ||
| 942 |
_hQ29K2, N6 _cTEXL _2CC |
||
| 999 |
_c378555 _d378555 |
||